| 000 | 00729nam a2200181Ia 4500 | ||
|---|---|---|---|
| 003 | GCL | ||
| 008 | 140319s9999 xx 000 0 ara d | ||
| 040 |
_aGCL / _cGCL |
||
| 082 | 0 | 4 |
_a329.0214 _bس ت |
| 100 | 1 | _aسونغ، كيم ايل | |
| 245 | 1 | 0 |
_aالتقرير عن عمل اللجنة المركزية المقدم الى المؤتمر الخامس لحزب العمل الكورى (فى 2 تشرين الثانى , نوفمبر 1970) (هدية من الاديب عبدالفتاح الجمل) / _cسونغ، كيم ايل |
| 300 | _a139 ص | ||
| 490 | _a | ||
| 650 | 0 | 4 | _aالاشتراكية |
| 650 | 0 | 4 | _aكوريا - الاحزاب السياسية |
| 650 | 0 | 4 | _aكوريا - حزب العمل |
| 942 |
_2ddc _cBK |
||
| 999 |
_c47247 _d47247 |
||